| 000 | 00393nam a2200145Ia 4500 | ||
|---|---|---|---|
| 005 | 20250410112604.0 | ||
| 008 | 231217s9999 xx 000 0 und d | ||
| 020 | _a9788131732311 | ||
| 082 | _a621.3815324 CHA;17 | ||
| 100 | _aChanna Venkatesh, K. Ganesh Rao, D. | ||
| 245 | 0 | _aNetwork theory : a simplified approach | |
| 260 |
_c2010 _bPearson _aSouth Asia |
||
| 300 | _a591 | ||
| 942 | _cAA | ||
| 999 |
_c198519 _d198519 |
||